[Event "Ljubljana Autumn op"]
[Site "Ljubljana"]
[Date "2012.10.02"]
[Round "4"]
[White "Slatnar, Janez"]
[Black "Jelen, Miha"]
[Result "1-0"]
[WhiteElo "1576"]
[BlackElo "1553"]
[PlyCount "45"]
[EventDate "2012.09.05"]
[EventType "swiss"]
[EventRounds "9"]
[EventCountry "SLO"]
[SourceTitle "EXT 2023"]
[Source "ChessBase"]
[SourceDate "2022.10.05"]
[SourceVersion "1"]
[SourceVersionDate "2022.10.05"]
[SourceQuality "1"]

1. e4 e5 2. Nf3 Nc6 3. d4 exd4 4. Nxd4 Nf6 5. Nc3 Bb4 6. Bc4 Nxe4 7. Nxc6 bxc6 8. Qd4 Nf6 9. Bxf7+ Kxf7 10. Qxb4 Re8+ 11. Be3 Kg8 12. 0-0 d5 13. Rad1 Bf5 14. Rd2 Ng4 15. Bf4 Qd7 16. h3 Ne5 17. Bxe5 Rxe5 18. g4 Be6 19. Qd4 Qd6 20. f4 Re4 21. Nxe4 dxe4 22. Qxd6 cxd6 23. Rxd6 1-0

[Event "Ljubljana Summer op I"]
[Site "Ljubljana"]
[Date "2012.07.14"]
[Round "2"]
[White "Slatnar, Janez"]
[Black "Dolinar, Jan"]
[Result "0-1"]
[WhiteElo "1598"]
[BlackElo "1775"]
[PlyCount "60"]
[EventDate "2012.07.13"]
[EventType "swiss"]
[EventRounds "5"]
[EventCountry "SLO"]
[SourceTitle "EXT 2023"]
[Source "ChessBase"]
[SourceDate "2022.10.05"]
[SourceVersion "1"]
[SourceVersionDate "2022.10.05"]
[SourceQuality "1"]

1. e4 c5 2. Nf3 e6 3. c4 Nc6 4. Nc3 Nf6 5. e5 Ng4 6. Qe2 Qc7 7. Nb5 Qb8 8. d4 a6 9. Ng5 axb5 10. Qxg4 cxd4 11. f4 Bb4+ 12. Kd1 bxc4 13. Bxc4 d6 14. a3 dxe5 15. Rb1 Be7 16. Bxe6 Bxe6 17. Nxe6 fxe6 18. Re1 Kd7 19. fxe5 g6 20. Bh6 Qa7 21. Re2 Qa4+ 22. Ke1 d3 23. Re4 Qc2 24. Rd1 Bc5 25. Qg3 Kc7 26. Rc1 d2+ 27. Bxd2 Qxe4+ 28. Kd1 Rhf8 29. Rc3 Rf1+ 30. Be1 Rd8+ 0-1

[Event "SLO-ch qual"]
[Site "Ptuj"]
[Date "2012.06.03"]
[Round "9"]
[White "Florjancic, Rudolf"]
[Black "Slatnar, Janez"]
[Result "0-1"]
[WhiteElo "1970"]
[BlackElo "1574"]
[PlyCount "118"]
[EventDate "2012.05.24"]
[EventType "swiss"]
[EventRounds "9"]
[EventCountry "SLO"]
[SourceTitle "EXT 2019"]
[Source "ChessBase"]
[SourceDate "2018.10.10"]
[SourceVersion "1"]
[SourceVersionDate "2018.10.10"]
[SourceQuality "1"]

1. Nf3 d5 2. g3 Nc6 3. d4 Nf6 4. Bg2 h6 5. Ne5 Bf5 6. 0-0 e6 7. c4 Be7 8. Qa4 0-0 9. Nxc6 bxc6 10. Qxc6 Qd6 11. cxd5 exd5 12. Qxd6 Bxd6 13. Nc3 c6 14. Bd2 Rab8 15. Na4 Rb5 16. Rac1 Rc8 17. Rfe1 Bb4 18. Bc3 Bxc3 19. bxc3 Ra5 20. Nc5 Rb8 21. a4 Nd7 22. Nxd7 Bxd7 23. c4 Rxa4 24. cxd5 cxd5 25. e3 Rb5 26. Ra1 Raa5 27. h4 Be6 28. Bf1 Rxa1 29. Rxa1 Rb7 30. Ra5 Kf8 31. f3 f5 32. Bb5 Bd7 33. Be2 Bc6 34. Kf2 Ke7 35. h5 Kd7 36. g4 fxg4 37. fxg4 Kd6 38. Bf3 Rf7 39. Kg3 Re7 40. Ra3 Bb5 41. Bd1 a6 42. Bc2 Bc4 43. Kf4 Rf7+ 44. Bf5 Rb7 45. Bc8 Rf7+ 46. Kg3 Re7 47. Ra5 Kc6 48. e4 Kb6 49. Rc5 Rc7 50. Rxc7 Kxc7 51. Be6 Kd6 52. Bg8 a5 53. e5+ Kd7 54. Bh7 a4 55. Kf4 a3 56. Bb1 a2 57. Bxa2 Bxa2 58. g5 Bb1 59. Kg4 Ke6 0-1

[Event "SLO-ch qual"]
[Site "Ptuj"]
[Date "2012.05.27"]
[Round "6"]
[White "Cresnik, Matija"]
[Black "Slatnar, Janez"]
[Result "0-1"]
[WhiteElo "1500"]
[BlackElo "1574"]
[PlyCount "56"]
[EventDate "2012.05.24"]
[EventType "swiss"]
[EventRounds "9"]
[EventCountry "SLO"]
[SourceTitle "EXT 2019"]
[Source "ChessBase"]
[SourceDate "2018.10.10"]
[SourceVersion "1"]
[SourceVersionDate "2018.10.10"]
[SourceQuality "1"]

1. e4 e5 2. Nf3 Nc6 3. Bc4 Be7 4. c3 Nf6 5. d3 h6 6. b4 a6 7. Qb3 0-0 8. Nbd2 d6 9. Bb2 Bg4 10. 0-0-0 Qc8 11. h3 Bd7 12. d4 b5 13. Bd5 Nxd5 14. Qxd5 exd4 15. Nxd4 Nxd4 16. Qxd4 c5 17. bxc5 dxc5 18. Qe5 Be6 19. c4 Bf6 20. Qg3 Bxb2+ 21. Kxb2 bxc4 22. Rb1 Qd8 23. Rhd1 Qa5 24. Ka1 Qa4 25. f4 c3 26. Nb3 c2 27. Nxc5 cxb1Q+ 28. Rxb1 Qxa2# 0-1

[Event "SLO-ch qual"]
[Site "Ptuj"]
[Date "2012.05.26"]
[Round "4"]
[White "Krcmar, Aleksander"]
[Black "Slatnar, Janez"]
[Result "1-0"]
[WhiteElo "1439"]
[BlackElo "1574"]
[PlyCount "79"]
[EventDate "2012.05.24"]
[EventType "swiss"]
[EventRounds "9"]
[EventCountry "SLO"]
[SourceTitle "EXT 2019"]
[Source "ChessBase"]
[SourceDate "2018.10.10"]
[SourceVersion "1"]
[SourceVersionDate "2018.10.10"]
[SourceQuality "1"]

1. e4 e5 2. Nf3 Nc6 3. Bc4 d6 4. Nc3 Bg4 5. h3 Bh5 6. d3 h6 7. Nxe5 Nxe5 8. Qxh5 Nxc4 9. dxc4 Nf6 10. Qb5+ Nd7 11. Qxb7 Nc5 12. Qc6+ Nd7 13. Nd5 Rc8 14. 0-0 Be7 15. e5 0-0 16. Nxe7+ Qxe7 17. exd6 cxd6 18. Qd5 Nb6 19. Qd3 Rxc4 20. Be3 Rfc8 21. Rfe1 Qc7 22. c3 Nd7 23. Bd4 d5 24. Re7 Rc6 25. Qf5 Rf8 26. Rxd7 Qc8 27. Qxd5 Rg6 28. Re1 Qa6 29. Qf5 Qc6 30. Qd5 Qa4 31. Bc5 Rg5 32. Qd4 Qc6 33. g3 Rxc5 34. Rd8 f6 35. Rxf8+ Kxf8 36. Qd8+ Kf7 37. Re7+ Kg6 38. Qf8 Rg5 39. Qxg7+ Kh5 40. g4+ 1-0

[Event "SLO-ch qual"]
[Site "Ptuj"]
[Date "2012.05.26"]
[Round "3"]
[White "Slatnar, Janez"]
[Black "Suta, Tomaz"]
[Result "0-1"]
[WhiteElo "1574"]
[BlackElo "1477"]
[PlyCount "172"]
[EventDate "2012.05.24"]
[EventType "swiss"]
[EventRounds "9"]
[EventCountry "SLO"]
[SourceTitle "EXT 2019"]
[Source "ChessBase"]
[SourceDate "2018.10.10"]
[SourceVersion "1"]
[SourceVersionDate "2018.10.10"]
[SourceQuality "1"]

1. e4 e5 2. Nf3 Nc6 3. Bc4 Bc5 4. c3 Qe7 5. d3 Nf6 6. h3 h6 7. Nbd2 d6 8. 0-0 Bd7 9. b4 Bb6 10. a4 a6 11. Ba3 0-0 12. Bb3 Be6 13. Bc2 Rfc8 14. b5 axb5 15. axb5 Nd8 16. Bb4 c5 17. Ba3 Bd7 18. c4 Ne6 19. Bb2 Ne8 20. Kh1 N8c7 21. Qe2 Nf4 22. Qe3 f5 23. exf5 Bxf5 24. g4 Bh7 25. Kh2 Nce6 26. Rxa8 Rxa8 27. Ra1 Rxa1 28. Bxa1 Ba5 29. Nb1 b6 30. Nc3 Nd4 31. Bb1 Qe6 32. Nd1 Nde2 33. Ng1 Nd4 34. Nf3 Nb3 35. Bb2 h5 36. Ng5 Bd2 37. Nxe6 Bxe3 38. fxe3 Nxe6 39. gxh5 Nd2 40. Bc2 Kf7 41. Nf2 Nf1+ 42. Kg1 Nxe3 43. Bb1 Nf4 44. Kh1 Nxh5 45. Bc1 Ng3+ 46. Kh2 Ngf5 47. Ne4 Ke7 48. Ng3 Nxg3 49. Kxg3 Nf5+ 50. Kf3 Nd4+ 51. Ke3 Nb3 52. Bb2 Kf6 53. Bc3 g5 54. Be1 Nd4 55. h4 Nf5+ 56. Ke2 Ne7 57. Kf3 Kf5 58. hxg5 Kxg5 59. Bd2+ Kh4 60. Bh6 Kh5 61. Bf8 Nc8 62. Bc2 Kg5 63. Ke3 Kf6 64. Bd1 Kf7 65. Bh6 Ne7 66. Bg5 Ke6 67. Bf3 Kd7 68. Be2 d5 69. Bxe7 d4+ 70. Kd2 Kxe7 71. Bf3 Kf6 72. Bc6 Kg5 73. Bd5 Kf4 74. Bc6 e4 75. dxe4 Bxe4 76. Be8 Bb1 77. Bf7 Be4 78. Be8 Bf5 79. Bf7 Be4 80. Bg8 Bg6 81. Be6 Ke5 82. Bd7 d3 83. Ke3 d2 84. Kxd2 Kd4 85. Kc1 Bd3 86. Kb2 Bxc4 0-1

[Event "Ljubljana Spring op"]
[Site "Ljubljana"]
[Date "2012.04.25"]
[Round "4"]
[White "Drobnic, Simona"]
[Black "Slatnar, Janez"]
[Result "0-1"]
[WhiteElo "1450"]
[BlackElo "1574"]
[PlyCount "66"]
[EventDate "2012.04.04"]
[EventType "swiss"]
[EventRounds "9"]
[EventCountry "SLO"]
[SourceTitle "EXT 2023"]
[Source "ChessBase"]
[SourceDate "2022.10.05"]
[SourceVersion "1"]
[SourceVersionDate "2022.10.05"]
[SourceQuality "1"]

1. e4 e5 2. Nf3 Nc6 3. Bc4 Be7 4. c3 Nf6 5. d3 d6 6. Nbd2 Bg4 7. Nf1 0-0 8. Ng3 Qd7 9. h3 Be6 10. Bb3 h6 11. 0-0 Rad8 12. Be3 a6 13. d4 Bxb3 14. Qxb3 b6 15. d5 Na5 16. Qc2 Rfe8 17. b4 Nb7 18. Qe2 Ra8 19. a3 Bf8 20. Rfc1 g6 21. c4 h5 22. a4 a5 23. b5 Nh7 24. Qd2 f6 25. Bh6 Re7 26. Qe3 Nc5 27. Bxf8 Rxf8 28. Rcb1 Rg7 29. Nh4 f5 30. exf5 gxf5 31. Nxh5 f4 32. Qe2 Rg5 33. Qf3 e4 0-1